| 000 | 00550nam a22002057a 4500 | ||
|---|---|---|---|
| 003 | BUBTL | ||
| 008 | 200916b xxu||||| |||| 00| 0 eng d | ||
| 020 | _a978-81-317-2885-7 | ||
| 082 | _a657.45/BAF | ||
| 100 |
_aBasu, S. K. _91625 |
||
| 245 |
_aFundamentals of Auditing _bS. K. Basu |
||
| 250 | _a1st | ||
| 260 |
_aNew Delhi _bPearson _cc2009 |
||
| 300 |
_a[xiii] , 15.14p . : _bill . ; 24cm. |
||
| 500 | _aIncludes Index | ||
| 650 |
_aAccounting _93516 |
||
| 856 |
_k0 _l0 _yDownload |
||
| 942 |
_2ddc _cBK |
||
| 999 |
_c6377 _d6377 |
||